| 000 | 03472 a2200325 4500 | ||
|---|---|---|---|
| 003 | Nust | ||
| 005 | 20170207165829.0 | ||
| 020 | _a123456 | ||
| 020 | _a9780511610134 (ebook) | ||
| 035 | _a(EBZ)ebs839416e | ||
| 035 | _a(EBZ)ebs839416e | ||
| 035 | _a(WaSeSS)ssj0000145778 | ||
| 040 | _cNust | ||
| 082 | 0 | 0 | _a338.040973 |
| 100 | 1 | _aHart, David M.. | |
| 245 | 0 | 4 |
_aThe Emergence of Entrepreneurship Policy (E-Book) _h[Elektronisk resurs] : _bGovernance, Start-Ups, and Growth in the U.S. Knowledge Economy / _cEdited by David M. Hart. |
| 260 |
_aCambridge : _bCambridge University Press, _c2003 |
||
| 300 |
_a1 online resource (308 p.) : _bdigital, PDF file(s). |
||
| 505 | _a1 Entrepreneurship Policy:What It Is and Where It Camefrom (Page-3) David M. Hart 2 Entrepreneurship Policy and the Strategic Management of Places (Page-20) David B. Audretsch 3 Entrepreneurship, Creativity, and Regional Economic Growth (Page-39) Richard Florida part two high-tech entrepreneurship: the university-industry-government connection 4 Start-ups and Spin-offs: Collective Entrepreneurship Between Invention and Innovation (Page-61) Philip E. Auerswald and Lewis M. Branscomb 5 Entrepreneurship and American Research Universities: Evolution in Technology Transfer (Page-92) Maryann P. Feldman 6 America’s Entrepreneurial Universities (Page-113) Nathan Rosenberg part three equity issues in entrepreneurship policy 7 Venture Capital Access: Is Gender an Issue? (Page-141) Candida G. Brush, Nancy M. Carter, Elizabeth Gatewood, Patricia G. Greene, and Myra M. Hart 8 Minority Business Assistance Programs Are Not Designed to Produce Minority Business Development (Page-155) Timothy Bates part four sector-specific issues 9 Understanding Entrepreneurship in the U.S. Biotechnology Industry: Characteristics, Facilitating Factors, and Policy Challenges (Page-175) Andrew A. Toole 10 E-Commerce, Entrepreneurship, and the Law: Reassessing a Relationship (Page-1950 Viktor Mayer-Sch¨onberger 11 Entrepreneurship and Government in Telecommunications (Page-214) Eli M. Noam part five implementing entrepreneurship policy 12 Knowledge, Power, and Entrepreneurs: A First Pass at the Politics of Entrepreneurship Policy (Page-227) David M. Hart 13 Entrepreneurship as a State and Local Economic Development Strategy (Page-240) Erik R. Pages, Doris Freedman, and Patrick Von Bargen Afterword(Page- 260) | ||
| 538 | _aMode of access: World Wide Web. | ||
| 650 | 0 |
_aEntrepreneurship _xGovernment policy _zUnited States |
|
| 650 | 0 |
_aHigh technology industries _xGovernment policy _zUnited States |
|
| 650 | 0 |
_aKnowledge management _zUnited States |
|
| 651 | _aThe Emergence of Entrepreneurship Policy E-Book | ||
| 856 | 4 | 2 | _uhttp://dx.doi.org/10.1017/CBO9780511610134 |
| 856 | 4 | 2 | _uhttp://ep.bib.mdh.se/login?url=http://search.ebscohost.com/login.aspx?direct=true&scope=site&db=e000xww&AN=120726 |
| 856 | 4 | 2 | _uhttp://link.sub.su.se/sfxsub?url_ver=Z39.88-2004&ctx_ver=Z39.88-2004&ctx_enc=info:ofi/enc:UTF-8&rfr_id=info:sid/sfxit.com:opac_856&url_ctx_fmt=info:ofi/fmt:kev:mtx:ctx&sfx.ignore_date_threshold=1&rft.object_id=1000000000353404&svc_val_fmt=info:ofi/fmt:kev:mtx:sch_svc& |
| 856 | 4 | 2 | _uhttp://webproxy.student.hig.se:2048/login?url=http://search.ebscohost.com/login.aspx?direct=true&scope=site&db=nlebk&db=nlabk&AN=120726 |
| 856 | 4 | 2 | _uhttps://login.proxy.annalindhbiblioteket.se/login?url=http://search.ebscohost.com/login.aspx?direct=true&scope=site&db=e000xww&AN=120726 |
| 942 |
_2ddc _cBK |
||
| 999 |
_c213193 _d213193 |
||